| 000 | 00577nam a2200217 a 4500 | ||
|---|---|---|---|
| 001 | 86509 | ||
| 003 | BD-RjUL | ||
| 005 | 20260519102030.0 | ||
| 008 | 260519s1997 enk||||| |||| 00| 0 eng d | ||
| 035 | _a(BD-RjUL)86509 | ||
| 040 |
_aBD-RjUL _beng _cBD-RjUL |
||
| 041 | _aeng | ||
| 082 |
_223 _a843.7 _bBAH 1897 |
||
| 100 |
_aBalzac, Honoré de, _d1799-1850 _918519 |
||
| 245 |
_aHonorine / _cHonoré de Balzac, |
||
| 250 | _aCaxton ed. | ||
| 260 |
_aLondon : _bCaxton Publishing, _c1897 |
||
| 300 |
_a349 p. ; _c21 cm. |
||
| 650 |
_aFrench fiction _918499 |
||
| 942 |
_2ddc _cBK |
||
| 999 |
_c86509 _d86509 |
||